| 000 | 00453nam a2200121Ia 4500 | ||
|---|---|---|---|
| 008 | 160712s9999 xx 000 0 und d | ||
| 100 | _aTan, Jacqueline Uy. | ||
| 245 |
_cJacqueline Uy Tan, Mercedes P. Adorio _aSelf-Determination Among Learners with Developmental Disabilities |
||
| 260 |
_c2012 _bEducation Quarterly |
||
| 300 | _avol. 70 no. 1 | ||
| 650 | _xSPECIAL EDUCATION | ||
| 856 | _uhttp://journals.upd.edu.ph/index.php/edq/article/view/3393/3155 | ||
| 999 |
_c297501 _d297501 |
||